00445nam a2200133Ia 4500008004100000082001900041100002100060245005000081260003200131300000900163942001200172999001900184952010800203210430s9999 xx 000 0 und d a344.041S9411 M aB V Subrahmanyam aModis Medical JurisprudencecB V Subrahmanyam aIslamabadbAllah Walac1999 a587p cBK2ddc c562147d562147 001040708NFICaSCMEbSCMEcGENd0006-06-11l0o344.041S9411 MpSCME-1007r2021-04-30w2021-04-30yBK